00561nam a22001697a 450000500170000001000150001702000260003203500140005803700150007208200110008710000180009824500980011626000450021427000670025930000250032650000400035120180730143813.0 aENG-123621 c895.00a9780199486748 aEN-107153 bDBAD/PUB.  a954.02 aFlores, Jorge aUnwanted Neighbours:cby Jorge Floresbthe mughals the portuguese, and their frontier zones / aNew DelhibOxford University Pressc2018 a2/11, Ground Floor, Ansari Road, Daryaganj,bNew Delhie110002 axxii,321p.c22cm(Hb) aIts includes bibliography and index